Návrh využívania softvéru Expert Choice pri strategickom rozhodovaní v kontexte so SZP v podniku ŽOS Trnava, a.s.

Guardado en:
Detalles Bibliográficos
Autor principal: Mihalčínová, Soňa, 1988- (Autor)
Otros Autores: Sakál, Peter, 1951- (Orientador)
Formato: Manuscrito Libro
Lenguaje:eslovaco
Publicado: Trnava : STU v Bratislave MTF UPMK, 2013
Materias:
Acceso en línea:VAIS
Etiquetas: Agregar Etiqueta
Sin Etiquetas, Sea el primero en etiquetar este registro!

MARC

LEADER 00000ntm a22000003a 4500
001 stu267881
005 20160719160735.9
008 130612s2013----xo------------------slo-d
040 |a STU  |b slo 
041 0 |a slo 
044 |a xo 
100 1 |a Mihalčínová, Soňa,  |d 1988-  |4 aut  |X 48370  |7 A000048370 
242 0 0 |a Strategic decision-making in the context of Corporate Social Responsibility in company ŽOS Trnava, a.s. using Expert Choice software  |y eng 
245 1 |a Návrh využívania softvéru Expert Choice pri strategickom rozhodovaní v kontexte so SZP v podniku ŽOS Trnava, a.s. 
260 |a Trnava :  |b STU v Bratislave MTF UPMK,  |c 2013 
650 7 |a priemyselné manažérstvo  |2 stusub 
650 7 |a Industrial Management  |2 estusub 
650 7 |a strategické rozhodovanie  |2 stusub 
650 7 |a spoločensky zodpovedné podnikanie  |2 stusub 
700 1 |a Sakál, Peter,  |d 1951-  |4 ths  |u M4000  |U MTF Materiálovotechnologická fakulta  |T MTF Ústav priemyselného inžinierstva a manažmentu  |X 325  |U M4000  |Y 84  |7 A000000325 
856 4 |a info a plný text  |u http://is.stuba.sk/zp/portal_zp.pl?podrobnosti=80119  |3 VAIS 
996 |c M*DP-11484  |l MMSKP  |s P  |a 0  |w stu267881_0001